[Event "UK Armed Services Championship"]
[Site "Wittering"]
[Date "2024.04.05"]
[Round "2.35"]
[White "Ahmad, Hasan"]
[Black "Searle, Tristan"]
[Result "1-0"]
[WhiteElo "1098"]
[BlackElo "1424"]
[PlyCount "75"]
[EventDate "2024.04.05"]
[EventType "swiss"]
[EventRounds "7"]
[EventCountry "ENG"]
[SourceTitle "BritBase"]
[Source "John Saunders"]
[SourceDate "2024.05.09"]
[SourceVersion "1"]
[SourceVersionDate "2024.04.06"]
[SourceQuality "1"]

1. e4 c5 2. Nf3 Nc6 3. Nc3 g6 4. d4 cxd4 5. Nxd4 Bg7 6. Be3 a6 7. a4 Nf6 8. Bc4
O-O 9. O-O e5 10. Nde2 d6 11. f4 Be6 12. Bxe6 fxe6 13. fxe5 Nxe5 14. Nd4 Re8
15. b3 Rc8 16. Qd2 Qc7 17. Bg5 Qxc3 18. Qxc3 Rxc3 19. Bxf6 Ng4 20. Bxg7 Kxg7
21. Rac1 e5 22. Nf3 Rec8 23. h3 Ne3 24. Rf2 Nxc2 25. Rd2 Nb4 26. Rxc3 Rxc3 27.
Rxd6 Nc6 28. Rd7+ Kh6 29. Rxb7 Re3 30. Rb6 Nd4 31. Nxe5 Rxe4 32. Ng4+ Kg5 33.
Rxa6 Nxb3 34. Rb6 Nd2 35. g3 Nf3+ 36. Kf2 Ne5 37. Rb5 Rxa4 38. Rxe5# 1-0

[Event "UK Armed Services Championship"]
[Site "Wittering"]
[Date "2024.04.05"]
[Round "2.36"]
[White "Eades, Laurence"]
[Black "Symonds, Joshua"]
[Result "1-0"]
[WhiteElo "1409"]
[BlackElo "1200"]
[PlyCount "59"]
[EventDate "2024.04.05"]
[EventType "swiss"]
[EventRounds "7"]
[EventCountry "ENG"]
[SourceTitle "BritBase"]
[Source "John Saunders"]
[SourceDate "2024.05.09"]
[SourceVersion "1"]
[SourceVersionDate "2024.04.06"]
[SourceQuality "1"]

1. e4 e5 2. Bc4 Nf6 3. Nf3 Nc6 4. Ng5 Qe7 5. Bxf7+ Kd8 6. Bb3 h6 7. Nf7+ Ke8 8.
Nxh8 d6 9. Ng6 Qd7 10. d3 Nd4 11. O-O Nxb3 12. axb3 Qf7 13. Nxf8 Kxf8 14. Nc3
Be6 15. Be3 Qg6 16. Qf3 Bg4 17. Qg3 Qh5 18. Bxa7 c6 19. Be3 Rxa1 20. Rxa1 d5
21. h3 Be6 22. exd5 cxd5 23. Bc5+ Kf7 24. Ra7 Bc8 25. d4 e4 26. Qc7+ Bd7 27.
Rxb7 Ke6 28. Qd6+ Kf5 29. Rxd7 Nxd7 30. g4+ 1-0

[Event "UK Armed Services Championship"]
[Site "Wittering"]
[Date "2024.04.05"]
[Round "2.37"]
[White "Sherpa, Angtshiring"]
[Black "Howard, Edward"]
[Result "0-1"]
[WhiteElo "1000"]
[BlackElo "1400"]
[PlyCount "54"]
[EventDate "2024.04.05"]
[EventType "swiss"]
[EventRounds "7"]
[EventCountry "ENG"]
[SourceTitle "BritBase"]
[Source "John Saunders"]
[SourceDate "2024.05.09"]
[SourceVersion "1"]
[SourceVersionDate "2024.04.06"]
[SourceQuality "1"]

1. e4 e5 2. Nh3 Nf6 3. d3 Bc5 4. Qf3 d6 5. c3 Nc6 6. a4 Be6 7. b4 Nxb4 8. cxb4
Bxb4+ 9. Bd2 Bc5 10. Be2 h6 11. O-O g5 12. Bxg5 hxg5 13. Nxg5 Bg4 14. Qg3 Bxe2
15. Re1 Bg4 16. h3 Bd7 17. Nc3 Qe7 18. Nd5 Nxd5 19. exd5 O-O-O 20. Kh1 Rdg8 21.
f4 f6 22. h4 fxg5 23. d4 Rxh4+ 24. Kg1 Bxd4+ 25. Kf1 Bxa1 26. Qb3 Rh1+ 27. Ke2
exf4+ 0-1

[Event "UK Armed Services Championship"]
[Site "Wittering"]
[Date "2024.04.05"]
[Round "2.38"]
[White "Brewer, Sam"]
[Black "Sanni-Woollams, Ryan"]
[Result "1-0"]
[WhiteElo "1397"]
[BlackElo "1160"]
[PlyCount "47"]
[EventDate "2024.04.05"]
[EventType "swiss"]
[EventRounds "7"]
[EventCountry "ENG"]
[SourceTitle "BritBase"]
[Source "John Saunders"]
[SourceDate "2024.05.09"]
[SourceVersion "1"]
[SourceVersionDate "2024.04.06"]
[SourceQuality "1"]

1. d4 d5 2. c4 Nf6 3. Nc3 Bf5 4. e3 e6 5. Qb3 b6 6. Nf3 Bd6 7. Bd2 Ne4 8. Nxe4
dxe4 9. Ng1 O-O 10. Ne2 Na6 11. a3 c5 12. d5 exd5 13. cxd5 Nc7 14. Nc3 Be5 15.
Bc4 Rb8 16. a4 a6 17. Rd1 Qd7 18. Qc2 Bg4 19. Rc1 b5 20. axb5 axb5 21. Ba2 Ra8
22. Bb1 Nxd5 23. Qxe4 Bxc3 24. Qxh7# 1-0

[Event "UK Armed Services Championship"]
[Site "Wittering"]
[Date "2024.04.05"]
[Round "2.39"]
[White "Hutton, Michael"]
[Black "Opaleye, Toluwaniyi"]
[Result "1-0"]
[WhiteElo "600"]
[BlackElo "1395"]
[PlyCount "87"]
[EventDate "2024.04.05"]
[EventType "swiss"]
[EventRounds "7"]
[EventCountry "ENG"]
[SourceTitle "BritBase"]
[Source "John Saunders"]
[SourceDate "2024.05.09"]
[SourceVersion "1"]
[SourceVersionDate "2024.04.06"]
[SourceQuality "1"]

1. d4 d5 2. Nc3 Nf6 3. Bf4 a6 4. e3 Nc6 5. a3 Bf5 6. Bd3 e6 7. h3 Bd6 8. Nge2
Bxf4 9. Nxf4 O-O 10. g4 Be4 11. Rg1 e5 12. g5 exf4 13. gxf6 Qxf6 14. Bxe4 dxe4
15. Nxe4 Qf5 16. Qf3 g6 17. Rg5 Qe6 18. O-O-O Ne7 19. Re5 Qd7 20. Nf6+ Kg7 21.
Nxd7 Rfe8 22. Qxf4 Ng8 23. Rxe8 Rxe8 24. Qxc7 Re7 25. Qxb7 Nf6 26. Qxa6 Rxd7
27. b4 Nd5 28. Qc6 Nf6 29. b5 Re7 30. b6 Re8 31. Qxe8 Nxe8 32. b7 Kh6 33. b8=Q
Nf6 34. Qf8+ Kg5 35. Qxf7 h5 36. f4+ Kf5 37. e4+ Kxf4 38. Qxf6+ Ke3 39. e5 g5
40. e6 Ke4 41. e7 Kd5 42. e8=Q Kc4 43. Qa4+ Kd5 44. Qe5# 1-0

[Event "UK Armed Services Championship"]
[Site "Wittering"]
[Date "2024.04.05"]
[Round "2.40"]
[White "Jennings, Jim"]
[Black "Arrowsuch, Samuel"]
[Result "0-1"]
[WhiteElo "1383"]
[BlackElo "1150"]
[PlyCount "60"]
[EventDate "2024.04.05"]
[EventType "swiss"]
[EventRounds "7"]
[EventCountry "ENG"]
[SourceTitle "BritBase"]
[Source "John Saunders"]
[SourceDate "2024.05.09"]
[SourceVersion "1"]
[SourceVersionDate "2024.04.06"]
[SourceQuality "1"]

1. e4 c6 2. d4 d5 3. e5 c5 4. Nf3 Bg4 5. Be2 e6 6. Nc3 Nc6 7. Ng5 Bf5 8. Bb5 f6
9. Nf3 a6 10. Bxc6+ bxc6 11. Bf4 c4 12. b3 Bb4 13. Qd2 Qa5 14. Qc1 Bxc3+ 15.
Bd2 Bxd2+ 16. Qxd2 Qxd2+ 17. Kxd2 cxb3 18. cxb3 Ne7 19. h3 O-O 20. Rac1 Be4 21.
Nh4 fxe5 22. f3 Bg6 23. dxe5 Rfc8 24. g4 c5 25. Ng2 c4 26. b4 Rcb8 27. a3 a5
28. Kc3 axb4+ 29. axb4 Ra3+ 30. Kb2 Rb3+ 0-1

[Event "UK Armed Services Championship"]
[Site "Wittering"]
[Date "2024.04.05"]
[Round "2.42"]
[White "Lucas-Divers, Zamira"]
[Black "Johnson, Kimberley"]
[Result "1-0"]
[WhiteElo "1363"]
[BlackElo "800"]
[PlyCount "89"]
[EventDate "2024.04.05"]
[EventType "swiss"]
[EventRounds "7"]
[EventCountry "ENG"]
[SourceTitle "BritBase"]
[Source "John Saunders"]
[SourceDate "2024.05.09"]
[SourceVersion "1"]
[SourceVersionDate "2024.04.06"]
[SourceQuality "1"]

1. d4 d5 2. Nc3 Nf6 3. Bg5 Nc6 4. Bxf6 exf6 5. e3 g5 6. g3 Bg7 7. Bg2 O-O 8.
Nxd5 b6 9. Ne2 Ba6 10. O-O Rb8 11. Re1 Ne7 12. Nb4 Bb7 13. Qd3 f5 14. c3 Nd5
15. Qxf5 Nxb4 16. cxb4 Bxg2 17. Kxg2 Qf6 18. Qxf6 Bxf6 19. Rab1 c5 20. bxc5
bxc5 21. b3 cxd4 22. exd4 Rbc8 23. Rbc1 Rxc1 24. Rxc1 Re8 25. Rc2 h5 26. d5 Be5
27. h3 f5 28. h4 g4 29. Rc5 Bd6 30. Rc6 Bb8 31. Nf4 Kf7 32. Nxh5 Re2 33. Rf6+
Ke7 34. Rxf5 a5 35. Nf6 Bd6 36. Nxg4 Rxa2 37. Rf6 Bb4 38. Rf4 Kd6 39. Ne3 Ra3
40. Nc4+ Kc5 41. Nxa3 Bxa3 42. Ra4 Bb4 43. h5 Kxd5 44. h6 Bc5 45. Rxa5 1-0

[Event "UK Armed Services Championship"]
[Site "Wittering"]
[Date "2024.04.06"]
[Round "3.1"]
[White "Onley, David E"]
[Black "Taylor, Harry"]
[Result "1-0"]
[WhiteElo "2156"]
[BlackElo "1730"]
[PlyCount "39"]
[EventDate "2024.04.05"]
[EventType "swiss"]
[EventRounds "7"]
[EventCountry "ENG"]
[SourceTitle "BritBase"]
[Source "John Saunders"]
[SourceDate "2024.05.09"]
[SourceVersion "1"]
[SourceVersionDate "2024.04.06"]
[SourceQuality "1"]

1. e4 c6 2. d4 d5 3. exd5 cxd5 4. Bd3 Nc6 5. c3 Nf6 6. a3 e5 7. dxe5 Nxe5 8.
Nf3 Nxd3+ 9. Qxd3 Be7 10. O-O O-O 11. Nbd2 b6 12. Nd4 Bb7 13. N2f3 Ne4 14. Bf4
Nc5 15. Qc2 Ba6 16. Rfe1 Bd3 17. Qd2 Bg6 18. Nc6 Ne4 19. Rxe4 dxe4 20. Nxd8 1-0

[Event "UK Armed Services Championship"]
[Site "Wittering"]
[Date "2024.04.06"]
[Round "3.2"]
[White "Barnes, David"]
[Black "Tenin, Alex"]
[Result "0-1"]
[WhiteElo "1738"]
[BlackElo "2061"]
[PlyCount "70"]
[EventDate "2024.04.05"]
[EventType "swiss"]
[EventRounds "7"]
[EventCountry "ENG"]
[SourceTitle "BritBase"]
[Source "John Saunders"]
[SourceDate "2024.05.09"]
[SourceVersion "1"]
[SourceVersionDate "2024.04.06"]
[SourceQuality "1"]

1. e4 e5 2. Nf3 Nc6 3. c3 d5 4. Qa4 Qd6 5. exd5 Qxd5 6. Bc4 Qe4+ 7. Kd1 Be6 8.
Bb5 Qxa4+ 9. Bxa4 Bd7 10. Re1 f6 11. d3 O-O-O 12. Be3 Nce7 13. Bxd7+ Rxd7 14.
Kc2 Nf5 15. Nbd2 Ngh6 16. h3 g5 17. Ne4 Be7 18. d4 g4 19. hxg4 Nxg4 20. Rad1
Nfxe3+ 21. fxe3 f5 22. Nc5 Bxc5 23. dxc5 Rxd1 24. Kxd1 Kd7 25. Ke2 Ke6 26. Rd1
Rg8 27. Nd2 Nf6 28. Kf3 Rd8 29. Ke2 Rd5 30. b4 Rd7 31. c4 Ng4 32. Rh1 e4 33.
Nb3 Rd3 34. Nd4+ Ke5 35. Nf3+ Kf6 0-1

[Event "UK Armed Services Championship"]
[Site "Wittering"]
[Date "2024.04.06"]
[Round "3.3"]
[White "Thurlow, Kevin J"]
[Black "O'Byrne, Danny"]
[Result "1-0"]
[WhiteElo "2042"]
[BlackElo "1672"]
[PlyCount "63"]
[EventDate "2024.04.05"]
[EventType "swiss"]
[EventRounds "7"]
[EventCountry "ENG"]
[SourceTitle "BritBase"]
[Source "John Saunders"]
[SourceDate "2024.05.09"]
[SourceVersion "1"]
[SourceVersionDate "2024.04.06"]
[SourceQuality "1"]

1. c4 c5 2. Nc3 Nc6 3. Nf3 g6 4. d4 cxd4 5. Nxd4 Nxd4 6. Qxd4 Nf6 7. e4 Bg7 8.
e5 Ng8 9. Bf4 Qa5 10. c5 e6 11. b4 Qd8 12. Nb5 a6 13. Nd6+ Kf8 14. Rd1 g5 15.
Nxc8 Rxc8 16. Qd6+ Ke8 17. Bxg5 Qc7 18. f4 Qxd6 19. Rxd6 Ne7 20. Bc4 Nf5 21.
Rb6 Rc7 22. Bd3 Ne3 {(=)} 23. Be4 h6 24. Bh4 a5 25. a3 axb4 26. axb4 Rf8 27.
Ke2 Nf5 28. Bxf5 exf5 29. Ra1 f6 30. Ra8+ Kf7 31. Rxf8+ Kxf8 32. Bxf6 1-0

[Event "UK Armed Services Championship"]
[Site "Wittering"]
[Date "2024.04.06"]
[Round "3.4"]
[White "Morrison, Munroe L"]
[Black "Parker, Glen D"]
[Result "1/2-1/2"]
[WhiteElo "1701"]
[BlackElo "2039"]
[PlyCount "20"]
[EventDate "2024.04.05"]
[EventType "swiss"]
[EventRounds "7"]
[EventCountry "ENG"]
[SourceTitle "BritBase"]
[Source "John Saunders"]
[SourceDate "2024.05.09"]
[SourceVersion "1"]
[SourceVersionDate "2024.04.06"]
[SourceQuality "1"]

1. e4 Nc6 2. Nf3 d6 3. d4 e5 4. Bb5 Bd7 5. Bxc6 Bxc6 6. Qe2 Qe7 7. Nc3 O-O-O 8.
d5 Bd7 9. Be3 Kb8 10. Qc4 f5 1/2-1/2

[Event "UK Armed Services Championship"]
[Site "Wittering"]
[Date "2024.04.06"]
[Round "3.5"]
[White "Kenyon, James"]
[Black "Portman, Carl S"]
[Result "0-1"]
[WhiteElo "1675"]
[BlackElo "1913"]
[PlyCount "56"]
[EventDate "2024.04.05"]
[EventType "swiss"]
[EventRounds "7"]
[EventCountry "ENG"]
[SourceTitle "BritBase"]
[Source "John Saunders"]
[SourceDate "2024.05.09"]
[SourceVersion "1"]
[SourceVersionDate "2024.04.06"]
[SourceQuality "1"]

1. d4 e6 2. e4 d5 3. e5 c5 4. c3 Nc6 5. Nf3 Qb6 6. Qb3 Qxb3 7. axb3 cxd4 8.
cxd4 Bd7 9. Be2 Bb4+ 10. Bd2 Bxd2+ 11. Nbxd2 Nge7 12. b4 Nxb4 13. O-O O-O 14.
Nb3 Rfc8 15. Nc5 Bc6 16. Rfc1 a5 17. Kf1 b6 18. Nd3 Nxd3 19. Bxd3 Bd7 20. Ke2
h6 21. Kd2 Kf8 22. h4 Rxc1 23. Rxc1 Rc8 24. Rxc8+ Nxc8 25. Kc3 b5 26. Nd2 Nb6
27. Nb3 b4+ 28. Kc2 Ba4 0-1

[Event "UK Armed Services Championship"]
[Site "Wittering"]
[Date "2024.04.06"]
[Round "3.6"]
[White "Woolf, Ben"]
[Black "O'Brien, Anthony T"]
[Result "0-1"]
[WhiteElo "1622"]
[BlackElo "1847"]
[PlyCount "66"]
[EventDate "2024.04.05"]
[EventType "swiss"]
[EventRounds "7"]
[EventCountry "ENG"]
[SourceTitle "BritBase"]
[Source "John Saunders"]
[SourceDate "2024.05.09"]
[SourceVersion "1"]
[SourceVersionDate "2024.04.06"]
[SourceQuality "1"]

1. e4 e6 2. b3 d5 3. Bb2 Nf6 4. exd5 exd5 5. Nf3 Be6 6. Bb5+ c6 7. Be2 Bd6 8.
O-O Nbd7 9. d3 Qc7 10. Nbd2 h6 11. Rc1 g5 12. g3 O-O-O 13. c4 h5 14. c5 Be5 15.
d4 Bxg3 16. fxg3 h4 17. Ne5 hxg3 18. hxg3 Nxe5 19. dxe5 Nd7 20. Bg4 Nxe5 21.
Bxe6+ fxe6 22. Qe1 Nd3 23. Qxe6+ Kb8 24. Qg4 Nxb2 25. Rf3 Rde8 26. Rcf1 Qa5 27.
Qd4 g4 28. Rf7 Nd3 29. Qxd3 Qxc5+ 30. Kg2 Qd6 31. Nc4 Qh6 32. Rg1 dxc4 33. Qd7
Qh2+ 0-1

[Event "UK Armed Services Championship"]
[Site "Wittering"]
[Date "2024.04.06"]
[Round "3.7"]
[White "Millener, Richard P"]
[Black "Stuttard, Harry"]
[Result "1-0"]
[WhiteElo "1845"]
[BlackElo "1489"]
[PlyCount "51"]
[EventDate "2024.04.05"]
[EventType "swiss"]
[EventRounds "7"]
[EventCountry "ENG"]
[SourceTitle "BritBase"]
[Source "John Saunders"]
[SourceDate "2024.05.09"]
[SourceVersion "1"]
[SourceVersionDate "2024.04.06"]
[SourceQuality "1"]

1. d4 Nf6 2. Nc3 g6 3. e4 Bg7 4. e5 Ng8 5. f4 d6 6. Nf3 Nd7 7. Bc4 Nb6 8. Bd3
Nh6 9. O-O dxe5 10. fxe5 Nf5 11. Kh1 O-O 12. Be4 c6 13. a4 Nc4 14. Qd3 Nb6 15.
Bd2 Be6 16. b3 Nd5 17. Ne2 f6 18. c4 Nc7 19. Qc2 fxe5 20. dxe5 Na6 21. Rad1 Qc7
22. Ng5 Qxe5 23. Bf4 Nb4 24. Bxe5 Nxc2 25. Bxg7 Nxg7 26. Bxc2 1-0

[Event "UK Armed Services Championship"]
[Site "Wittering"]
[Date "2024.04.06"]
[Round "3.8"]
[White "Simpson, Jack"]
[Black "Sherpa, Ngadi"]
[Result "0-1"]
[WhiteElo "1538"]
[BlackElo "1791"]
[PlyCount "76"]
[EventDate "2024.04.05"]
[EventType "swiss"]
[EventRounds "7"]
[EventCountry "ENG"]
[SourceTitle "BritBase"]
[Source "John Saunders"]
[SourceDate "2024.05.09"]
[SourceVersion "1"]
[SourceVersionDate "2024.04.06"]
[SourceQuality "1"]

1. e4 c5 2. Nf3 Nc6 3. Nc3 e6 4. Be2 g6 5. O-O Bg7 6. Re1 a6 7. a4 Nge7 8. Bc4
O-O 9. d3 b6 10. Be3 Bb7 11. Qd2 d5 12. exd5 exd5 13. Bb3 d4 14. Bh6 dxc3 15.
bxc3 Nf5 16. Bxg7 Kxg7 17. Re2 Re8 18. Rxe8 Qxe8 19. d4 Rd8 20. d5 Ne5 21. Re1
Nxf3+ 22. gxf3 Qd7 23. c4 Nd4 24. Qd3 Qh3 25. Re3 Bc8 26. Qe4 Rd6 27. Qe5+ Rf6
28. Qg3 Nxf3+ 29. Rxf3 Rxf3 30. Qxh3 Bxh3 31. a5 bxa5 32. Ba4 Rc3 33. d6 Rxc4
34. Bb3 Rd4 35. f3 Rxd6 36. Kf2 Be6 37. Ba4 c4 38. Kg3 Bd7 0-1

[Event "UK Armed Services Championship"]
[Site "Wittering"]
[Date "2024.04.06"]
[Round "3.9"]
[White "Lavender, Lee"]
[Black "Echavarria Hidalgo, Fernando"]
[Result "0-1"]
[WhiteElo "1465"]
[BlackElo "1785"]
[PlyCount "58"]
[EventDate "2024.04.05"]
[EventType "swiss"]
[EventRounds "7"]
[EventCountry "ENG"]
[SourceTitle "BritBase"]
[Source "John Saunders"]
[SourceDate "2024.05.09"]
[SourceVersion "1"]
[SourceVersionDate "2024.04.06"]
[SourceQuality "1"]

1. d4 Nf6 2. Bf4 e6 3. Nf3 Nc6 4. e3 Bb4+ 5. c3 Be7 6. c4 d5 7. Nc3 Bb4 8. Rc1
Ne4 9. cxd5 exd5 10. a3 Nxc3 11. bxc3 Bxa3 12. Rb1 Bd6 13. Bg3 Bxg3 14. hxg3 a6
15. Bd3 h6 16. Ne5 Nxe5 17. dxe5 Qg5 18. Qa4+ c6 19. Qd4 O-O 20. Kd2 Re8 21.
Be2 Qxe5 22. Qh4 Qe4 23. Rb4 Qxh4 24. Rhxh4 b5 25. Bh5 g6 26. Bg4 Bxg4 27.
Rbxg4 Kh7 28. f4 f5 29. Rg5 Kg7 0-1

[Event "UK Armed Services Championship"]
[Site "Wittering"]
[Date "2024.04.06"]
[Round "3.10"]
[White "Bradley, William"]
[Black "Lock, Benedict"]
[Result "1-0"]
[WhiteElo "1901"]
[BlackElo "1545"]
[PlyCount "35"]
[EventDate "2024.04.05"]
[EventType "swiss"]
[EventRounds "7"]
[EventCountry "ENG"]
[SourceTitle "BritBase"]
[Source "John Saunders"]
[SourceDate "2024.05.09"]
[SourceVersion "1"]
[SourceVersionDate "2024.04.06"]
[SourceQuality "1"]

1. e4 c5 2. Nc3 Nc6 3. f4 g6 4. Nf3 Bg7 5. a4 e5 6. fxe5 Nxe5 7. Nxe5 Bxe5 8.
Qf3 Nf6 9. Bc4 Bd4 10. Nb5 Qe7 11. Nxd4 d5 12. Bb5+ Bd7 13. O-O Nxe4 14. Bxd7+
Qxd7 15. Nb5 a6 16. Nc3 f5 17. d3 Ng5 18. Bxg5 1-0

[Event "UK Armed Services Championship"]
[Site "Wittering"]
[Date "2024.04.06"]
[Round "3.11"]
[White "Foulds, Andrew"]
[Black "Crossley, Sam"]
[Result "1-0"]
[WhiteElo "1792"]
[BlackElo "1472"]
[PlyCount "89"]
[EventDate "2024.04.05"]
[EventType "swiss"]
[EventRounds "7"]
[EventCountry "ENG"]
[SourceTitle "BritBase"]
[Source "John Saunders"]
[SourceDate "2024.05.09"]
[SourceVersion "1"]
[SourceVersionDate "2024.04.06"]
[SourceQuality "1"]

1. d4 d5 2. c4 e6 3. Nc3 Nf6 4. Bg5 Bb4 5. e3 Bxc3+ 6. bxc3 O-O 7. Nf3 Qd6 8.
Bxf6 gxf6 9. cxd5 Qxd5 10. Qb3 Qxb3 11. axb3 Nc6 12. Bd3 e5 13. d5 e4 14. Bxe4
Ne5 15. Nd4 c5 16. dxc6 bxc6 17. Nxc6 Nxc6 18. Bxc6 Rb8 19. b4 Bb7 20. Bxb7
Rxb7 21. Ke2 Rc7 22. Rhc1 Rfc8 23. Kd3 Rd8+ 24. Kc2 Rdc8 25. Kb3 Ra8 26. Ra6
Rb8 27. c4 Rcb7 28. b5 Rb6 29. Rxb6 axb6 30. Rd1 Kg7 31. Rd6 h6 32. Kb4 Kg6 33.
Rc6 Kh5 34. c5 bxc5+ 35. Kxc5 Ra8 36. b6 Ra5+ 37. Kd6 Ra1 38. b7 Rd1+ 39. Kc7
Rb1 40. b8=Q Rxb8 41. Kxb8 Kg5 42. Rc7 Kg6 43. e4 Kg7 44. h4 Kg6 45. Kc8 1-0

[Event "UK Armed Services Championship"]
[Site "Wittering"]
[Date "2024.04.06"]
[Round "3.12"]
[White "Brocklehurst, John"]
[Black "Altaykan, Metin"]
[Result "0-1"]
[WhiteElo "1500"]
[BlackElo "1744"]
[PlyCount "112"]
[EventDate "2024.04.05"]
[EventType "swiss"]
[EventRounds "7"]
[EventCountry "ENG"]
[SourceTitle "BritBase"]
[Source "John Saunders"]
[SourceDate "2024.05.09"]
[SourceVersion "1"]
[SourceVersionDate "2024.04.06"]
[SourceQuality "1"]

1. e4 c5 2. b3 e6 3. Bb2 Nc6 4. Bb5 Qc7 5. Bxc6 Qxc6 6. Ne2 Qxe4 7. O-O Nf6 8.
Nbc3 Qc6 9. d4 d5 10. Re1 c4 11. Rc1 Bb4 12. a3 Ba5 13. b4 Bc7 14. Qd2 Qd6 15.
g3 Bd7 16. Rb1 O-O 17. Bc1 a6 18. f3 b5 19. Nd1 a5 20. c3 axb4 21. axb4 Ra7 22.
Nf2 Rfa8 23. Qg5 Bd8 24. Bf4 Qf8 25. Ng4 Nxg4 26. Qxg4 e5 27. Qh5 exf4 28. Nxf4
Bc6 29. Rb2 g6 30. Qh3 Ra1 31. Qf1 Rxe1 32. Qxe1 Ra7 33. Re2 Re7 34. Ng2 Rxe2
35. Qxe2 Bf6 36. Qe3 Qe7 37. Kf2 Kg7 38. f4 Qe4 39. Qxe4 dxe4 40. Ke3 Be7 41.
Ne1 f5 42. h3 g5 43. Nc2 Kg6 44. Na3 Bf6 45. Nc2 h5 46. Ne1 h4 47. gxh4 gxf4+
48. Kxf4 Bxh4 49. Ng2 Bg5+ 50. Ke5 e3 51. d5 Bb7 52. Kd4 f4 53. Ke4 f3 54. Kxf3
Bxd5+ 55. Kg3 Bxg2 56. Kxg2 Bf6 0-1

[Event "UK Armed Services Championship"]
[Site "Wittering"]
[Date "2024.04.06"]
[Round "3.13"]
[White "Collins, Nigel"]
[Black "Ross, David C (snr)"]
[Result "1-0"]
[WhiteElo "1488"]
[BlackElo "1710"]
[PlyCount "31"]
[EventDate "2024.04.05"]
[EventType "swiss"]
[EventRounds "7"]
[EventCountry "ENG"]
[SourceTitle "BritBase"]
[Source "John Saunders"]
[SourceDate "2024.05.09"]
[SourceVersion "1"]
[SourceVersionDate "2024.04.06"]
[SourceQuality "1"]

1. c4 e5 2. Nc3 Nc6 3. g3 g6 4. Bg2 Bg7 5. e4 d6 6. Nge2 Be6 7. d3 Qd7 8. O-O
Bh3 9. f4 Bxg2 10. Kxg2 h5 11. h3 exf4 12. Nxf4 O-O-O 13. Nfd5 Ne5 14. Nb5 a6
15. Nbxc7 Ne7 16. Nb6+ 1-0

[Event "UK Armed Services Championship"]
[Site "Wittering"]
[Date "2024.04.06"]
[Round "3.14"]
[White "Rai, Rajip"]
[Black "Podolski, Edwin"]
[Result "0-1"]
[WhiteElo "1300"]
[BlackElo "1593"]
[PlyCount "44"]
[EventDate "2024.04.05"]
[EventType "swiss"]
[EventRounds "7"]
[EventCountry "ENG"]
[SourceTitle "BritBase"]
[Source "John Saunders"]
[SourceDate "2024.05.09"]
[SourceVersion "1"]
[SourceVersionDate "2024.04.06"]
[SourceQuality "1"]

1. e4 e6 2. d4 d5 3. Bd3 Nf6 4. Bg5 h6 5. Bxf6 gxf6 6. Nf3 Nc6 7. a3 dxe4 8.
Bxe4 Qd6 9. d5 Ne5 10. Nc3 f5 11. Bd3 Nxd3+ 12. Qxd3 a6 13. O-O-O Bd7 14. Rhe1
O-O-O 15. Qd4 Rg8 16. Qa7 c6 17. dxc6 Qxc6 18. Ne5 Qc5 19. Qa8+ Kc7 20. Rxd7+
Rxd7 21. Nxd7 Qxc3 22. Nxf8 Qxe1# 0-1

[Event "UK Armed Services Championship"]
[Site "Wittering"]
[Date "2024.04.06"]
[Round "3.15"]
[White "Tucker, David S"]
[Black "Howard, Edward"]
[Result "1-0"]
[WhiteElo "1949"]
[BlackElo "1400"]
[PlyCount "67"]
[EventDate "2024.04.05"]
[EventType "swiss"]
[EventRounds "7"]
[EventCountry "ENG"]
[SourceTitle "BritBase"]
[Source "John Saunders"]
[SourceDate "2024.05.09"]
[SourceVersion "1"]
[SourceVersionDate "2024.04.06"]
[SourceQuality "1"]

1. e4 e5 2. Nf3 Nc6 3. Bb5 Nge7 4. c3 g6 5. d4 exd4 6. cxd4 a6 7. Ba4 Bg7 8. d5
Na5 9. Nc3 b5 10. Bc2 d6 11. O-O c5 12. h3 O-O 13. Rb1 Rb8 14. Ne2 Bd7 15. b3
b4 16. Bd3 Bb5 17. Bb2 c4 18. bxc4 Bxc4 19. Bxg7 Kxg7 20. Bxc4 Nxc4 21. Qd4+
Ne5 22. Nxe5 dxe5 23. Qxe5+ Kg8 24. Rfc1 Re8 25. Qd4 a5 26. Nf4 Qd6 27. e5 Qb6
28. Qxb6 Rxb6 29. d6 Nf5 30. Nd5 Nd4 31. Nxb6 Ne2+ 32. Kf1 Nxc1 33. Rxc1 Rxe5
34. d7 1-0

[Event "UK Armed Services Championship"]
[Site "Wittering"]
[Date "2024.04.06"]
[Round "3.16"]
[White "Bridge, Michael"]
[Black "Kelly, Richard"]
[Result "0-1"]
[WhiteElo "1376"]
[BlackElo "1813"]
[PlyCount "86"]
[EventDate "2024.04.05"]
[EventType "swiss"]
[EventRounds "7"]
[EventCountry "ENG"]
[SourceTitle "BritBase"]
[Source "John Saunders"]
[SourceDate "2024.05.09"]
[SourceVersion "1"]
[SourceVersionDate "2024.04.06"]
[SourceQuality "1"]

1. e4 e6 2. Bc4 d5 3. exd5 exd5 4. Bb3 Nf6 5. d4 Bd6 6. Nc3 c6 7. Qe2+ Be6 8.
Nf3 O-O 9. Bg5 Nbd7 10. Ne5 h6 11. Bh4 Qc7 12. Nxd7 Nxd7 13. Bg3 Rae8 14. Bxd6
Qxd6 15. O-O Nf6 16. f3 b5 17. a4 b4 18. Na2 a5 19. Nc1 Qf4 20. c3 Bf5 21. Qf2
bxc3 22. bxc3 Qe3 23. Qxe3 Rxe3 24. Na2 Rb8 25. Kf2 Rd3 26. Bd1 Rd2+ 27. Be2
Rbb2 28. Nc1 Rbc2 29. g4 Bd3 30. Re1 Bc4 31. Kf1 Rxc3 32. Bxc4 Rxf3+ 33. Kg1
dxc4 34. Re2 Rxe2 35. Nxe2 Nd5 36. Rc1 c3 37. Kg2 Rd3 38. Kf2 Kf8 39. Re1 Nb6
40. Rb1 Nxa4 41. Ra1 Nb2 42. Rxa5 Rd2 43. Ke3 Nc4+ 0-1